000
00333nam a2200145Ia 4500
008
150201s2009 xx 000 0 und d
082
_a
611
_b
S09H
100
_a
HALIM,A
245
_a
SURFACE & RADIOLOGICAL ANATOMY
250
_a
2ND
260
_b
CBS
_a
DELHI
_c
2009
300
_a
1-202
650
_a
HUMAN ANATOMY
942
_2
ddc
_c
BK
_0
1
999
_c
325
_d
325